000 03181cam a2200301 4500500
005 20251228072609.0
041 _afre
042 _adc
100 1 0 _aCollin, Thibault
_eauthor
245 0 0 _aPsychanalyse et chanson : qui de la musique ou du texte parle de l’inconscient ?
260 _c2023.
500 _a24
520 _aSi la problématique de la musique a été conflictuelle au début de l’avènement de la psychanalyse, des auteurs tels que Ferenczi se sont très tôt manifestés en faveur d’une place à donner aux sons dans l’étude de l’inconscient. L’objet du présent article est d’aborder l’utilisation de la médiation musicale dans la mise en œuvre d’un groupe thérapeutique en mettant l’accent sur l’interaction entre les éléments verbaux et pré-verbaux que l’on peut rencontrer dans les chansons. Vue au préalable sous l’angle individuel et ensuite groupal, cette question ouvrira la porte au cheminement des patients sur la voie de l’élaboration symbolique. Finalement, un cas clinique nous exposera comment rythme, musique et texte sont à même de subsumer la problématique d’une patiente à l’intérieur même du groupe thérapeutique.
520 _aWhile the question of music was conflictual in the early stages of psychoanalysis, authors such as Ferenczi were quickly in favour of giving sounds a place in the study of the unconscious. The purpose of this article is to discuss the use of musical mediation in a therapeutic group, by focusing on the interaction between the verbal and pre-verbal elements that can be found in songs. Seen first from an individual and then from a group perspective, this question will open the door to the patients’ progress towards symbolic elaboration. Finally, a clinical case will show us how rhythm, music and text are able to subsume the problems of a patient within the therapeutic group.
520 _aSi la cuestión de la música era conflictiva al principio del advenimiento del psicoanálisis, autores como Ferenczi se pronunciaron muy pronto a favor de dar a los sonidos un lugar en el estudio del inconsciente. El propósito de este artículo es abordar el uso de la mediación musical en la creación de un grupo terapéutico, centrándose en la interacción entre los elementos verbales y preverbales que se pueden encontrar en las canciones. Visto primero desde una perspectiva individual y luego grupal, esta cuestión abrirá la puerta al recorrido de los pacientes hacia la elaboración simbólica. Por último, un caso clínico nos mostrará cómo el ritmo, la música y el texto son capaces de subsumir los problemas de un paciente dentro del grupo terapéutico.
690 _achant
690 _agroupe
690 _aMusique
690 _apsychanalyse
690 _atexte
690 _agroup
690 _aMusic
690 _apsychoanalysis
690 _asong
690 _atext
786 0 _nRevue de psychothérapie psychanalytique de groupe | 80 | 1 | 2023-04-13 | p. 197-208 | 0297-1194
856 4 1 _uhttps://shs.cairn.info/revue-de-psychotherapie-psychanalytique-de-groupe-2023-1-page-197?lang=fr&redirect-ssocas=7080
999 _c1594289
_d1594289